Final report the preparation of a strategic plan on biodiversity management program
The UMS is the process of designing the program convering curriculum and learning methodologies among others,...
Wedi'i Gadw mewn:
| Fformat: | Llyfr |
|---|---|
| Iaith: | Undetermined |
| Cyhoeddwyd: |
Bangkok
Local Based Consultant
1999
|
| Pynciau: | |
| Tagiau: |
Ychwanegu Tag
Dim Tagiau, Byddwch y cyntaf i dagio'r cofnod hwn!
|
| Thư viện lưu trữ: | Trung tâm Học liệu Trường Đại học Cần Thơ |
|---|
| LEADER | 00606nam a2200169Ia 4500 | ||
|---|---|---|---|
| 001 | CTU_149884 | ||
| 008 | 210402s9999 xx 000 0 und d | ||
| 082 | |a 333.95 | ||
| 082 | |b F622 | ||
| 245 | 0 | |a Final report the preparation of a strategic plan on biodiversity management program | |
| 260 | |a Bangkok | ||
| 260 | |b Local Based Consultant | ||
| 260 | |c 1999 | ||
| 520 | |a The UMS is the process of designing the program convering curriculum and learning methodologies among others,... | ||
| 650 | |a Biodiversity conservation | ||
| 904 | |i Năm | ||
| 980 | |a Trung tâm Học liệu Trường Đại học Cần Thơ | ||